000 00729nam a22002177a 4500
003 UA-OsUOA
001 74515
007 ta
008 20110411b un ||||| |||| 00| 0 ukr d
100 _aСтепаненко М.
090 _a82
_bС79
942 _cSA
040 _aUA-OsUOA
_bukr
_cUA-OsUOA
_dUA-OsUOA
245 _aПавло Тичина у щоденникових записах Олеся Гончара (Стаття третя: Прекрасні миті спілкування Олеся Гончара з Павлом Тичиною)
300 _aС.120-124
955 _a0
041 _aukr
080 _a82
773 0 _w74511
650 7 _a82 Література. Літературознавство
_2UDC
999 _c360806
_d360806